[Event "Pardubice Czech op-D 30th"]
[Site "Pardubice"]
[Date "2019.07.27"]
[Round "9"]
[White "Fiala, Jan2222"]
[Black "Rozenblit, Stas"]
[Result "1/2-1/2"]
[WhiteElo "1641"]
[BlackElo "1682"]
[PlyCount "56"]
[EventDate "2019.07.20"]
[EventType "swiss"]
[EventRounds "9"]
[EventCountry "CZE"]
[SourceTitle "EXT 2020"]
[Source "ChessBase"]
[SourceDate "2019.10.17"]
[SourceVersion "1"]
[SourceVersionDate "2019.10.17"]
[SourceQuality "1"]

1. d4 Nf6 2. c4 g6 3. Nc3 Bg7 4. Nf3 d6 5. e4 0-0 6. Be2 Nc6 7. 0-0 e5 8. d5 Ne7 9. Ne1 Ne8 10. Nd3 f5 11. b4 Nf6 12. f3 f4 13. Bd2 g5 14. c5 Rf7 15. a4 Bf8 16. Qb3 g4 17. Be1 Ng6 18. c6 b6 19. a5 gxf3 20. Bxf3 Bg4 21. axb6 axb6 22. Ra4 Rg7 23. Kh1 Bxf3 24. gxf3 Kh8 25. Rg1 Rxa4 26. Qxa4 Qc8 27. Qa2 Qh3 28. Qg2 Qxg2+ 1/2-1/2

[Event "Pardubice Czech op-D 30th"]
[Site "Pardubice"]
[Date "2019.07.25"]
[Round "7"]
[White "Kvapil, Pavel"]
[Black "Rozenblit, Stas"]
[Result "0-1"]
[WhiteElo "1501"]
[BlackElo "1682"]
[PlyCount "58"]
[EventDate "2019.07.20"]
[EventType "swiss"]
[EventRounds "9"]
[EventCountry "CZE"]
[SourceTitle "EXT 2020"]
[Source "ChessBase"]
[SourceDate "2019.10.17"]
[SourceVersion "1"]
[SourceVersionDate "2019.10.17"]
[SourceQuality "1"]

1. d4 Nf6 2. c4 g6 3. Nc3 Bg7 4. Nf3 0-0 5. e4 d6 6. Be2 Nc6 7. 0-0 e5 8. dxe5 dxe5 9. Nd5 Nxe4 10. Bd3 Nc5 11. Qc2 Bg4 12. Nd2 Nd4 13. Qb1 Nxd3 14. Qxd3 Be2 15. Qg3 Bxc4 16. Nc3 Bxf1 17. Kxf1 f5 18. Ne2 Nxe2 19. Kxe2 e4 20. Qb3+ Kh8 21. Ke1 Qd3 22. Qxb7 e3 23. fxe3 Qxe3+ 24. Kf1 Qd3+ 25. Ke1 Rfe8+ 26. Kd1 Rad8 27. Qb3 Qe2+ 28. Kc2 Re3 29. Qc4 Rxd2+ 0-1